| 000 | 00000nam##2200000za#4500 |
| 001 | 9.662711 |
| 003 | CaOODSP |
| 005 | 20210615120711 |
| 007 | ta |
| 008 | 150407|2001||||xxc||||| f|0| 0 eng|d |
| 020 | |a0-662-65673-3 |
| 040 | |aCaOODSP|beng |
| 041 | |aeng |
| 041 | |afre |
| 043 | |an-cn--- |
| 086 | 1 |aBT22-78/2001 |
| 110 | 1 |aCanada. |bTreasury Board. |
| 245 | 10|aIntegrated Risk Management Framework |
| 260 | |aOttawa - Ontario : |bTreasury Board of Canada Secretariat |c2001. |
| 300 | |aEnglish text, 42p. ; |c28 cm. |
| 546 | |aBilingual |
| 563 | |aSoftcover |
| 590 | |a01-16|b2001-04-20 |
| 690 | 07|aManagement|2gcpds |
| 690 | 07|aPublic service|2gcpds |
| 776 | 0#|tIntegrated risk management framework.|w(CaOODSP)9.871913 |
| 792 | |tCadre de gestion intégrée du risque |efre|w(CaOODSP)9.662712 |